Sports Quiz

Random Sports Quiz

Every Sport Quiz Stats

 Plays Quiz not verified by Sporcle

Challenge
Share
Tweet
Embed
Score 0/80 Timer 10:00
0 Plays Today
% Correct
american football
100%
baseball
100%
soccer
94.4%
basketball
88.9%
tennis
86.1%
cricket
86.1%
ice hockey
83.3%
rugby
80.6%
aquatics
75%
wrestling
72.2%
volleyball
58.3%
field hockey
55.6%
golf
55.6%
handball
55.6%
table tennis
55.6%
badminton
52.8%
skiing
52.8%
diving
52.8%
fencing
50%
curling
50%
boxing
50%
karate
47.2%
gymnastics
44.4%
softball
44.4%
judo
44.4%
lacrosse
41.7%
bowling
41.7%
polo
38.9%
squash
38.9%
ice skating
38.9%
darts
38.9%
surfing
30.6%
archery
30.6%
snowboarding
30.6%
chess
30.6%
netball
27.8%
sailing
25%
rowing
25%
billiards
25%
shooting
25%
% Correct
taekwondo
19.4%
biking
19.4%
croquet
19.4%
horse racing
19.4%
auto racing
16.7%
luge
16.7%
poker
16.7%
bobsleigh
13.9%
equestrianism
11.1%
skeleton
11.1%
kickboxing
11.1%
ju-jitsu
11.1%
racquetball
8.3%
skydiving
8.3%
kung fu
8.3%
hang gliding
5.6%
bridge
5.6%
mountaineering
5.6%
ultimate frisbee
5.6%
tetherball
5.6%
orienteering
5.6%
wheelchair basketball
2.8%
foosball
2.8%
horseshoes
2.8%
vovinam
2.8%
floorball
0%
snorkeling
0%
wheelchair rugby
0%
wheelchair hockey
0%
draughts
0%
sled dog racing
0%
broomball
0%
fives
0%
goalball
0%
paddleball
0%
rubik's cube
0%
throwball
0%
arnis
0%
rock-it-ball
0%
dance sport
0%

You're not logged in!

Compare scores with friends on all Sporcle quizzes.
Join for Free
OR
Log In

You Might Also Like...

Show Comments

Extras

Created Oct 22, 2011ReportNominate

Top Quizzes Today


Score Distribution

Your Account Isn't Verified!

In order to create a playlist on Sporcle, you need to verify the email address you used during registration. Go to your Sporcle Settings to finish the process.

Report this User

Report this user for behavior that violates our Community Guidelines.

Details: